| 000 | 00797nam a2200205Ii 4500 | ||
|---|---|---|---|
| 003 | JO-AjNU | ||
| 008 | 230606s9999||||xx |||||||||||||| ||und|| | ||
| 040 |
_aJO-AjNU _beng _erda _cJO-AjNU |
||
| 041 | _aeng | ||
| 050 | 1 | 4 | _aBP172.I2672 2001 |
| 100 | 3 |
_aAl-Jawziah, Shamsuddeen ibn abi Bakr ibn Qayyim ; Translated: Abedelhay El-Masri, _eauthor _95312 |
|
| 245 | 0 | 0 | _aGuidance to the Uncertain in Reply to the Jews and the Nazarenes= هداية الحيارى في أجوبة اليهود والنصارى |
| 250 | _aFirst Edition | ||
| 264 | 3 | 1 | _aBeirut: Dar Al-Kotob Al-Ilmiyah, 2001 |
| 300 | _a296p | ||
| 336 |
_atext _btxt _2rdacontent |
||
| 337 |
_aunmediated _bn _2rdamedia |
||
| 338 |
_avolume _bnc _2rdacarrier |
||
| 650 | 4 |
_aIslam - the payment of obedience-Islam and Christianity _95313 |
|
| 999 |
_aE2744 _c2742 _d2742 |
||